|
|
|
|
| LEADER |
00000nam0a2200000 4500 |
| 001 |
132598 |
| 005 |
20260212164103.0 |
| 035 |
|
|
|a (RuTPU)RU\TPU\book\143579
|
| 090 |
|
|
|a 132598
|
| 100 |
|
|
|a 20080304d1986 d y0rusy50 ca
|
| 101 |
0 |
|
|a rus
|
| 102 |
|
|
|a BY
|
| 105 |
|
|
|a a z 000ay
|
| 200 |
1 |
|
|a Старая крепость
|e роман
|e Для старшего школьного возраста
|h Кн. 3
|f В. П. Беляев
|g худож. В. В. Соколов
|
| 210 |
|
|
|a Минск
|c Юнацтва
|d 1986
|
| 215 |
|
|
|a 397 с.
|c ил.
|
| 225 |
1 |
|
|a Библиотека приключений и фантастики
|
| 606 |
|
|
|a Русская литература современная
|9 50316
|
| 610 |
1 |
|
|a советская литература
|
| 610 |
1 |
|
|a романы
|
| 675 |
|
|
|a Р2
|v 3
|
| 700 |
|
1 |
|a Беляев
|b В. П.
|g Владимир Павлович
|
| 702 |
|
1 |
|a Соколов
|b В. В.
|4 440
|
| 801 |
|
1 |
|a RU
|b 63413507
|c 20080304
|g PSBO
|
| 942 |
|
|
|c BK
|